| 000 | 00557nam a2200145Ia 4500 | ||
|---|---|---|---|
| 008 | 260210s9999 xx 000 0 und d | ||
| 024 | _a16B-135-EL & 16B-136-EL | ||
| 082 | _a004.7092 HAS | ||
| 100 | _aHassand Khan Afridi & Muhammad Aqib Suhail | ||
| 245 | 0 | _aCNC Based Pen Plotter Plus Etching Module | |
| 260 |
_aKarachi: _bUITU, _c2016 |
||
| 600 | _aElectronic Engineering | ||
| 650 | _aBachelor of Engineering (BE) | ||
| 856 |
_uhttps://drive.google.com/file/d/1X-NPfDdsV-Nvs0Qr3exRaTL6ETK0l-i7/view?usp=sharing _yClick here to online Reading |
||
| 999 |
_c33267 _d33267 |
||